| 000 | 00537cam a22002171 4500 | ||
|---|---|---|---|
| 999 |
_c9043 _d9043 |
||
| 001 | 9043 | ||
| 003 | BD-JhCC | ||
| 005 | 20180321175802.0 | ||
| 008 | 780606s1967 nyu b 000 0 eng | ||
| 035 | _a(BD-JhCC)9043 | ||
| 040 |
_aBD-JhCC _dBD-JhCC |
||
| 041 | _aeng | ||
| 050 | 0 | 0 |
_aD290 _b.G3 |
| 082 | 0 | 0 |
_a321.6 _bGAG 1967 |
| 100 | 1 | _aGagliardo, John G. | |
| 245 | 1 | 0 |
_aEnlightened despotism / _c[by] John G. Gagliardo. |
| 260 |
_aNew York, _bCrowell _c[1967] |
||
| 300 |
_aix, 118 p. _c21 cm. |
||
| 942 |
_2ddc _cBK |
||